Phát triển cộng đồng
Trình bày lịch sử hình thành và diễn biến của phát triển cộng đồng; khái niệm và tiến trình của phát triển cộng đồng; tìm hiểu cộng đồng.
Đã lưu trong:
| Tác giả chính: | |
|---|---|
| Định dạng: | Sách |
| Năm xuất bản: |
Tp HCM
[Knxb]
2000
|
| Chủ đề: | |
| Tags: |
Thêm thẻ
Không có thẻ, Hãy là người đầu tiên gắn thẻ bản ghi này!
|
| LEADER | 00720nam a2200157 4500 | ||
|---|---|---|---|
| 082 | |a 307.14 |b NG527TH | ||
| 100 | |a Nguyễn Thị Oanh | ||
| 245 | |a Phát triển cộng đồng |c Nguyễn Thị Oanh | ||
| 260 | |a Tp HCM |b [Knxb] |c 2000 | ||
| 300 | |a 275 tr. |c 20 cm. | ||
| 520 | |a Trình bày lịch sử hình thành và diễn biến của phát triển cộng đồng; khái niệm và tiến trình của phát triển cộng đồng; tìm hiểu cộng đồng. | ||
| 653 | |a Cộng đồng | ||
| 653 | |a Phát triển | ||
| 942 | |2 ddc |c SH | ||
| 999 | |c 8826 |d 8826 | ||
| 952 | |0 0 |1 0 |2 ddc |4 0 |6 307_140000000000000_NG527TH |7 0 |8 300 |9 71750 |a qbu |b qbu |c D2 |d 2015-05-01 |g 25000 |l 1 |m 1 |o 307.14 NG527TH |p 8589.c1 |r 2017-05-19 |s 2017-04-05 |w 2015-05-01 |y SH | ||